Zaměstnání starších pracovníků a trh práce
Vek ako demografický a sociálno-ekonomický problém. Pracovné príležitosti v Českej republike. Zamestnanosť podľa veku.
Enregistré dans:
| Auteur principal: | |
|---|---|
| Autres auteurs: | |
| Format: | Chapitre de livre |
| Langue: | tchèque |
| Sujets: | |
| Tags: |
Pas de tags, Soyez le premier à ajouter un tag!
|
MARC
| LEADER | 00000nla a2200000 4500 | ||
|---|---|---|---|
| 001 | 0241794 | ||
| 005 | 20240417075134.7 | ||
| 041 | 0 | |a cze | |
| 044 | |a CZ | ||
| 245 | 1 | 0 | |a Zaměstnání starších pracovníků a trh práce |c Alois Surynek, Otakar Němec |
| 520 | |a Vek ako demografický a sociálno-ekonomický problém. Pracovné príležitosti v Českej republike. Zamestnanosť podľa veku. | ||
| 610 | 2 | 0 | |a skupiny vekové |
| 610 | 2 | 0 | |a manažment |
| 610 | 2 | 0 | |a manažment personálny |
| 610 | 2 | 0 | |a Česko |
| 610 | 2 | 0 | |a zamestnanosť |
| 610 | 2 | 0 | |a vek |
| 610 | 2 | 0 | |a trh práce |
| 100 | 1 | |a Surynek, Alois | |
| 700 | 1 | |a Němec, Otakar | |